000 00352nam a2200133Ia 4500
008 100328s9999 xx 000 0 und d
082 _b60822
100 _aमहाजन भास्कर.
245 _aतळघरात.
260 _bपार्टनर.
630 _aतळघरात.
730 _aतळघरात.
942 _cBOOK
999 _c546940
_d546937